000
00287nam a22001337a 4500
008
180112b xxu||||| |||| 00| 0 eng d
020
_a
9780787676216
041
_a
eng
080
_a
573
100
_a
11
101
_a
BIO
245
_a
Endangered Species
_c
Benson, S
942
_2
udc
_c
BK
999
_c
40227
_d
40227